Normal view
MARC view
- Art, English
Entry Topical Term
001 - CONTROL NUMBER
- control field: 121406
003 - CONTROL NUMBER IDENTIFIER
- control field: NUST
005 - DATE AND TIME OF LATEST TRANSACTION
- control field: 20240227102534.0
008 - FIXED-LENGTH DATA ELEMENTS
- fixed length control field: 240227|| aca||aabn | a|a d
040 ## - CATALOGING SOURCE
- Original cataloging agency: NUST
- Transcribing agency: NUST
150 ## - HEADING--TOPICAL TERM
- Topical term or geographic name entry element: Art, English
670 ## - SOURCE DATA FOUND
- Source citation: Work cat.: (NUST): Hemingway, Andrew 121403, The Norwich school of painters, 1803-1833/, 1979
